| 000 | 00366nam a22001337a 4500 | ||
|---|---|---|---|
| 020 | _a978-9-402-41862-0 | ||
| 082 |
_a630*26 _bNAI |
||
| 100 | _aNAIR, P K Ramachandran | ||
| 245 | _aAn introduction to agroforestry | ||
| 260 |
_aDodrecht _bSpringer Science+Business Media _c2020 |
||
| 300 | _a499p. | ||
| 650 |
_aAgroforestry systems _aSoil productivity |
||
| 942 | _cBK | ||
| 999 |
_c75042 _d75042 |
||